000 00519nam a22001817a 4500
003 UA-OsUOA
001 8540
007 ta
008 20040914b un ||||| |||| 00| 0 ukr d
100 _aЯрмолюк М.
942 _cSA
040 _aUA-OsUOA
_cUA-OsUOA
_dUA-OsUOA
245 _aМої зустрічі з Григором Тютюнником
300 _aС.1,7
955 _a0
773 0 _w0
_tЛітературна Украіна
_dКиїв
_d2004
_g№35
650 7 _aЛітературознавство
_2UDC
999 _c294701
_d294701